Here you will find the least and most remembered Counties of Ireland, as well as how your score stacks up against everyone else who took this quiz.

Think you can do better this time?
Play Again.
 
This Counties of Ireland Quiz has been taken 116,258 times (51 today).
% Guessed Right
Cork
94.7%
Dublin
94.2%
Kerry
82.2%
Galway
82.1%
Londonderry
79.3%
Donegal
77.6%
Waterford
76.9%
Limerick
75.5%
Mayo
75.3%
Wexford
75.2%
Clare
74%
Sligo
72.2%
Antrim
71.9%
Kilkenny
71%
Down
70.6%
Meath
69.9%
% Guessed Right
Tipperary
69.8%
Armagh
67.1%
Tyrone
66.3%
Wicklow
65.2%
Westmeath
63.9%
Kildare
62.9%
Fermanagh
62.7%
Roscommon
60.8%
Louth
59.6%
Laois
58.6%
Monaghan
58.4%
Cavan
57%
Offaly
55.6%
Leitrim
55.3%
Carlow
53.7%
Longford
50.5%

How do you compare to other Counties of Ireland quiz takers?

Number % Answered
32 (all)
30.5%
28-31
18.1%
24-27
8.9%
20-23
6.7%
16-19
6%
12-15
6.2%
8-11
7%
4-7
9.8%
1-3
6.8%

You might also like these games:
Hist. Counties of England   Race Courses (UK & Ireland)   Irish Baby Names
There are 66 comments for this game.
(Warning: comments may contain spoilers)

Counties of Ireland Quiz

Rating:
Published: February 19th, 2008
Category: Geography
Plays: 116,258
Loading friend results....
Remember, Sporcle is now...

Part of the USA Today Sports Media Group